Teams that Erling Haaland Has Played For - Statistics

General Stats
  • This quiz has been taken 861 times
  • The average score is 5 of 8
Answer Stats
Year(s) Apps Goals Team % Correct
2022- 109 99 Manchester City
98%
2020-2022 67 62 Borussia Dortmund
96%
2019-2020 16 17 Red Bull Salzburg
79%
2017-2019 39 14 Molde
61%
2019- 48 55 Norway
61%
2016-2017 16 0 Bryne
29%
2017 4 2 Molde 2
19%
2015-2016 14 18 Bryne 2
13%
No matching quizzes found
Score Distribution
Percent of People with Each Score
Percentile by Number Answered
Your Score History
You have not taken this quiz